СССР: диалог поколений Кубани (Запись № 13425488)

Подробности
000 -МАРКЕР
контрольное поле 01931nam0a2200349 4500
001 - ИДЕНТИФИКАТОР ЗАПИСИ
контрольное поле RU\NLR\BIBL_A\022422128
005 - ИДЕНТИФИКАТОР ВЕРСИИ
контрольное поле 20250603170352.0
010 ## - МЕЖДУНАРОДНЫЙ СТАНДАРТНЫЙ НОМЕР КНИГИ (ISBN)
Номер (ISBN) 978-5-7992-1139-4
Тираж 1000
021 ## - НОМЕР ГОСУДАРСТВЕННОЙ РЕГИСТРАЦИИ
Код страны Российская Федерация
Номер КН-П-24-070099
Номер Листа государственной регистраци КН-П-24-7007
035 ## - ДРУГИЕ СИСТЕМНЫЕ НОМЕРА
Идентификатор записи (NLR Aleph) 022422128
100 ## - ДАННЫЕ ОБЩЕЙ ОБРАБОТКИ
Данные общей обработки 20241227d2024 u y0rusy50 ca
101 0# - ЯЗЫК РЕСУРСА
Язык текста, звукозаписи и т.д. русский
102 ## - СТРАНА ПУБЛИКАЦИИ ИЛИ ПРОИЗВОДСТВА
Страна публикации Российская Федерация
105 ## - ПОЛЕ КОДИРОВАННЫХ ДАННЫХ: ТЕКСТОВЫЕ МАТЕРИАЛЫ, МОНОГРАФИЧЕСКИЕ
Кодированные данные о монографическом текстовом документе ac z 000yy
181 #0 - ПОЛЕ КОДИРОВАННЫХ ДАННЫХ: ВИД СОДЕРЖАНИЯ
Код вида содержания (ISBD) i3
Код характеристики содержания (ISBD) axxe
182 #0 - ПОЛЕ КОДИРОВАННЫХ ДАННЫХ: ТИП СРЕДСТВА
Код типа средства (ISBD) n - непосредственное
200 1# - ЗАГЛАВИЕ И СВЕДЕНИЯ ОБ ОТВЕТСТВЕННОСТИ
Основное заглавие СССР: диалог поколений Кубани
Сведения, относящиеся к заглавию сборник
Первые сведения об ответственности Краснодарская краевая общественная организация "Ветераны комсомола Кубани"
Последующие сведения об ответственности под ред. д-ра филос. наук, проф. Н. Г. Денисова и д-ра техн. наук, проф. Ю. Ф. Рослякова
203 ## - ВИД СОДЕРЖАНИЯ И ТИП СРЕДСТВА
Вид содержания Текст
Дополнительные сведения об издании визуальный
Тип средства непосредственный
210 ## - ПУБЛИКАЦИЯ, РАСПРОСТРАНЕНИЕ И ДР.
Место издания, распространения и т.д. Майкоп
Имя издателя, распространителя и т. д. Полиграф-Юг
Дата издания, распространения и т.д. 2024
215 ## - ФИЗИЧЕСКАЯ ХАРАКТЕРИСТИКА
Специфическое обозначение материала и объем 428, [1] с., [14] л. ил., цв. ил., портр.
Другие сведения о физической характеристике ил., портр.
Размеры 21
601 02 - НАИМЕНОВАНИЕ ОРГАНИЗАЦИИ КАК ПРЕДМЕТ
Начальный элемент ввода ВЛКСМ
Структурное подразделение организации Краснодарская организация
Формальный подзаголовок Воспоминания, записки и т.п
Системный номер авторитетной/нормативной записи 2667990
Идентификатор авторитетной/нормативной записи RU\NLR\AUTH\6601756017
607 ## - ГЕОГРАФИЧЕСКОЕ НАИМЕНОВАНИЕ КАК ПРЕДМЕТ
Географическое наименование Краснодарский край
Формальный подзаголовок Воспоминания, записки и т.п
Тематический подзаголовок Деятели
Системный номер авторитетной/нормативной записи 2479568
Идентификатор авторитетной/нормативной записи RU\NLR\AUTH\661472064
686 1# - ИНДЕКСЫ ДРУГИХ КЛАССИФИКАЦИЙ
Индекс Т3(2Р-4Кр)74-8,013
686 1# - ИНДЕКСЫ ДРУГИХ КЛАССИФИКАЦИЙ
Индекс Ф75(2)193(2Р-4Кр),013
702 #1 - ИМЯ ЛИЦА - ВТОРИЧНАЯ ОТВЕТСТВЕННОСТЬ
Код отношения Редактор
Графика поля Кириллица
Материалы, к которым относится поле rus
Начальный элемент ввода Денисов
Часть имени, кроме начального элемента ввода Н. Г.
Дополнения к именам, кроме дат д-р филос. наук
Даты 1950-
Расширение инициалов личного имени Николай Григорьевич
Системный номер авторитетной/нормативной записи 24427
Идентификатор авторитетной/нормативной записи RU\NLR\AUTH\7741479
712 02 - НАИМЕНОВАНИЕ ОРГАНИЗАЦИИ - ВТОРИЧНАЯ ОТВЕТСТВЕННОСТЬ
Код отношения Прочие
Начальный элемент ввода "Ветераны комсомола Кубани", краснодарская краевая общественная организация
Системный номер авторитетной/нормативной записи 657569
Идентификатор авторитетной/нормативной записи RU\NLR\AUTH\880498894
942 ## - ДОПОЛНИТЕЛЬНЫЕ ЭЛЕМЕНТЫ ЗАПИСИ (АБИС)
Тип экземпляра АБИС Книга
980 ## - КОЛЛЕКЦИЯ
Название коллекции Национальная библиография

Нет доступных экземпляров.